Textbook of Midwifery and Gynecological (OBG) Nursing for GNM Nursing (Record no. 369450)
[ view plain ]
| 000 -LEADER | |
|---|---|
| fixed length control field | 00526nam a2200181 4500 |
| 005 - DATE AND TIME OF LATEST TRANSACTION | |
| control field | 20251219122519.0 |
| 008 - FIXED-LENGTH DATA ELEMENTS--GENERAL INFORMATION | |
| fixed length control field | 251219b |||||||| |||| 00| 0 eng d |
| 020 ## - INTERNATIONAL STANDARD BOOK NUMBER | |
| International Standard Book Number | 978-93-92242-64-9 |
| 041 ## - LANGUAGE CODE | |
| Language code of text/sound track or separate title | Eng |
| 082 ## - DEWEY DECIMAL CLASSIFICATION NUMBER | |
| Edition number | 1st ed. 2025 |
| Classification number | OG 610.73678 KAU |
| Item number | B12090 |
| 100 ## - MAIN ENTRY--PERSONAL NAME | |
| Author | Kaur Ramandeep |
| 245 ## - TITLE STATEMENT | |
| Title | Textbook of Midwifery and Gynecological (OBG) Nursing for GNM Nursing |
| 250 ## - EDITION STATEMENT | |
| Edition statement | 1st ed. 2025 |
| 260 ## - PUBLICATION, DISTRIBUTION, ETC. | |
| Place of publication, distribution, etc. | VHS Publishers |
| Name of publisher, distributor, etc. | Punjab |
| Date of publication, distribution, etc. | 2025 |
| 300 ## - PHYSICAL DESCRIPTION | |
| Extent | xviii,814p |
| 365 ## - TRADE PRICE | |
| Price type code | Rupaye |
| Price amount | 895 |
| Currency code | INR |
| 942 ## - ADDED ENTRY ELEMENTS (KOHA) | |
| Koha item type | Books |
| Withdrawn status | Lost status | Source of classification or shelving scheme | Damaged status | Not for loan | Collection code | Home library | Current library | Date acquired | Vendor | Budget Code | Net Price | Bill number | Total Checkouts | Full call number | Barcode | Date last seen | Discount | Actual Price | Bill Date | Koha item type | Original Barcode | Total Renewals | Date due | Date last checked out |
|---|---|---|---|---|---|---|---|---|---|---|---|---|---|---|---|---|---|---|---|---|---|---|---|---|
| Dewey Decimal Classification | Reference | Reference | Smt. Bakul Tambat Institute of Nursing Education | Smt. Bakul Tambat Institute of Nursing Education | 04/12/2025 | Patil Medical Book | BTINE GNM | 554.90 | 2458 | OG 610.73678 KAU B12090 | BTIN-BK-12090 | 19/12/2025 | 38% | 895.00 | 04/12/2025 | Books | BTIN-BK-12090 | |||||||
| Dewey Decimal Classification | Non-fiction | Smt. Bakul Tambat Institute of Nursing Education | Smt. Bakul Tambat Institute of Nursing Education | 04/12/2025 | Patil Medical Book | BTINE GNM | 554.90 | 2458 | 6 | OG 610.73678 KAU B12091 | BTIN-BK-12091 | 10/03/2026 | 38% | 895.00 | 04/12/2025 | Books | BTIN-BK-12091 | 3 | 13/04/2026 | 10/03/2026 | ||||
| Dewey Decimal Classification | Non-fiction | Smt. Bakul Tambat Institute of Nursing Education | Smt. Bakul Tambat Institute of Nursing Education | 04/12/2025 | Patil Medical Book | BTINE GNM | 554.90 | 2458 | 5 | OG 610.73678 KAU B12092 | BTIN-BK-12092 | 04/04/2026 | 38% | 895.00 | 04/12/2025 | Books | BTIN-BK-12092 | 3 | 13/04/2026 | 04/04/2026 | ||||
| Dewey Decimal Classification | Non-fiction | Smt. Bakul Tambat Institute of Nursing Education | Smt. Bakul Tambat Institute of Nursing Education | 04/12/2025 | Patil Medical Book | BTINE GNM | 554.90 | 2458 | 4 | OG 610.73678 KAU B12093 | BTIN-BK-12093 | 13/03/2026 | 38% | 895.00 | 04/12/2025 | Books | BTIN-BK-12093 | 3 | 13/04/2026 | 13/03/2026 | ||||
| Dewey Decimal Classification | Non-fiction | Smt. Bakul Tambat Institute of Nursing Education | Smt. Bakul Tambat Institute of Nursing Education | 04/12/2025 | Patil Medical Book | BTINE GNM | 554.90 | 2458 | 3 | OG 610.73678 KAU B12094 | BTIN-BK-12094 | 20/02/2026 | 38% | 895.00 | 04/12/2025 | Books | BTIN-BK-12094 | 6 | 13/04/2026 | 20/02/2026 | ||||
| Dewey Decimal Classification | Non-fiction | Smt. Bakul Tambat Institute of Nursing Education | Smt. Bakul Tambat Institute of Nursing Education | 04/12/2025 | Patil Medical Book | BTINE GNM | 554.90 | 2458 | 3 | OG 610.73678 KAU B12095 | BTIN-BK-12095 | 20/02/2026 | 38% | 895.00 | 04/12/2025 | Books | BTIN-BK-12095 | 5 | 13/04/2026 | 20/02/2026 | ||||
| Dewey Decimal Classification | Non-fiction | Smt. Bakul Tambat Institute of Nursing Education | Smt. Bakul Tambat Institute of Nursing Education | 04/12/2025 | Patil Medical Book | BTINE GNM | 554.90 | 2458 | 5 | OG 610.73678 KAU B12096 | BTIN-BK-12096 | 04/04/2026 | 38% | 895.00 | 04/12/2025 | Books | BTIN-BK-12096 | 13/04/2026 | 04/04/2026 | |||||
| Dewey Decimal Classification | Non-fiction | Smt. Bakul Tambat Institute of Nursing Education | Smt. Bakul Tambat Institute of Nursing Education | 04/12/2025 | Patil Medical Book | BTINE GNM | 554.90 | 2458 | 5 | OG 610.73678 KAU B12097 | BTIN-BK-12097 | 12/03/2026 | 38% | 895.00 | 04/12/2025 | Books | BTIN-BK-12097 | 3 | 13/04/2026 | 12/03/2026 | ||||
| Dewey Decimal Classification | Non-fiction | Smt. Bakul Tambat Institute of Nursing Education | Smt. Bakul Tambat Institute of Nursing Education | 04/12/2025 | Patil Medical Book | BTINE GNM | 554.90 | 2458 | 6 | OG 610.73678 KAU B12098 | BTIN-BK-12098 | 12/03/2026 | 38% | 895.00 | 04/12/2025 | Books | BTIN-BK-12098 | 3 | 13/04/2026 | 12/03/2026 | ||||
| Dewey Decimal Classification | Non-fiction | Smt. Bakul Tambat Institute of Nursing Education | Smt. Bakul Tambat Institute of Nursing Education | 04/12/2025 | Patil Medical Book | BTINE GNM | 554.90 | 2458 | 4 | OG 610.73678 KAU B12099 | BTIN-BK-12099 | 10/03/2026 | 38% | 895.00 | 04/12/2025 | Books | BTIN-BK-12099 | 2 | 13/04/2026 | 10/03/2026 |